00962nam a2200265Ia 450000500170000000800410001702000180005810000360007624500890011225000180020130000480021949000220026765000520028965000520034165000370039365000370043065000390046770000290050626400270053533600270056233700330058933800280062204000350065008400110068520220317001350.0161108s9999 xx 000 0 und d a97895830250131 aRestrepo Gómez, Alonsod1946-14aLos antiguos insectosblos sobrevivientes a los dinosaurioscAlonso Restrepo Gómez a2a. edición a20 páginasbilustraciones en colorc28 cm aOsito de anteojos142LEMBaCuentos infantiles colombianas ySiglo XX142LEMBaLiteratura infantil colombiana ySiglo XX142LEMBaHormigas en la literatura 142LEMBaInsectos en la literatura 142LEMBaCucarachas en la literatura 1 aRestrepo Gómez, Alonso aBogotábPanamericana atextobtxt2rdacontent asin mediaciónbn2rdamedia avolumenbnc2rdacarrier aCO-BoRNBPbspaerdacCO-BoRNBP aC RES4